| 000 | 00670nam a2200217 a 4500 | ||
|---|---|---|---|
| 005 | 20240911064540.0 | ||
| 008 | 100601s2008 es r 000 0 spa d | ||
| 020 | _a9788476588864 | ||
| 035 | _aUPN01000176252 | ||
| 049 | _aCG | ||
| 050 | 4 |
_aBL312 _bA4.5 |
|
| 100 | 1 |
_aAlvarez de Miranda, Angel, _d1915-1957 _930713 |
|
| 245 | 1 | 0 |
_aMito, religión y cultura / _cAngel Alvarez de Miranda. |
| 260 |
_aBarcelona, Esp. : _bAnthropos : _bUAM-Cuajimalpa, _c2008. |
||
| 300 | _axiv, 225 p. | ||
| 440 | 0 |
_aAutores, textos y temas. _pHermeneusis ; _v26 |
|
| 650 | 4 |
_aMitología _99786 |
|
| 650 | 4 |
_aRELIGION - _xHISTORIA _913284 |
|
| 650 | 4 |
_aCivilización _99 |
|
| 905 | _aLibro | ||
| 999 |
_c148355 _d148355 |
||